<?xml version="1.0" encoding="UTF-8"?><?xml-stylesheet type="text/xsl" href="static/style.xsl"?><OAI-PMH xmlns="http://www.openarchives.org/OAI/2.0/" xmlns:xsi="http://www.w3.org/2001/XMLSchema-instance" xsi:schemaLocation="http://www.openarchives.org/OAI/2.0/ http://www.openarchives.org/OAI/2.0/OAI-PMH.xsd"><responseDate>2026-04-29T02:37:32Z</responseDate><request verb="GetRecord" identifier="oai:repisalud.isciii.es:20.500.12105/10469" metadataPrefix="marc">https://repisalud.isciii.es/rest/oai/request</request><GetRecord><record><header><identifier>oai:repisalud.isciii.es:20.500.12105/10469</identifier><datestamp>2024-05-21T11:02:19Z</datestamp><setSpec>com_20.500.12105_2203</setSpec><setSpec>com_20.500.12105_2202</setSpec><setSpec>col_20.500.12105_19505</setSpec><setSpec>col_20.500.12105_19585</setSpec></header><metadata><record xmlns="http://www.loc.gov/MARC21/slim" xmlns:dcterms="http://purl.org/dc/terms/" xmlns:doc="http://www.lyncode.com/xoai" xmlns:xsi="http://www.w3.org/2001/XMLSchema-instance" xsi:schemaLocation="http://www.loc.gov/MARC21/slim http://www.loc.gov/standards/marcxml/schema/MARC21slim.xsd">
   <leader>00925njm 22002777a 4500</leader>
   <datafield ind2=" " ind1=" " tag="042">
      <subfield code="a">dc</subfield>
   </datafield>
   <datafield ind2=" " ind1=" " tag="720">
      <subfield code="a">Instituto de Salud Carlos III. Centro Nacional de Epidemiología</subfield>
      <subfield code="e">author</subfield>
   </datafield>
   <datafield ind2=" " ind1=" " tag="260">
      <subfield code="c">2012-01-15</subfield>
   </datafield>
   <datafield ind2=" " ind1=" " tag="520">
      <subfield code="a">En la semana 02/2012 la tasa global de incidencia de gripe es de 97,54 casos por 100.000 habitantes lo que
supone un aumento respecto a la semana previa.
La incidencia de gripe aumenta en todos los grupos de edad.
El porcentaje de muestras centinela positivas a virus gripales disminuye, aunque mantiene valores propios de
los periodos epidémicos gripales.
Continúa una circulación mayoritaria del virus de la gripe AH3 en el territorio sujeto a vigilancia.
Desde la semana 40/2011 se han notificado 28 casos graves hospitalizados confirmados de gripe en seis CC
AA, 27 por virus de la gripe AH3 y 1 por B.
Desde el inicio de la temporada 2011-12 se han registrado tres defunciones debidas a gripe confirmada por
laboratorio, todas en mayores de 44 años.
En las últimas semanas persiste el aumento de la actividad gripal en algunas áreas del norte de América y Europa lo que podría representar el inicio de la epidemia gripal a nivel global en el hemisferio norte.</subfield>
   </datafield>
   <datafield ind1="8" ind2=" " tag="024">
      <subfield code="a">http://hdl.handle.net/20.500.12105/10469</subfield>
   </datafield>
   <datafield tag="653" ind2=" " ind1=" ">
      <subfield code="a">Gripe</subfield>
   </datafield>
   <datafield tag="653" ind2=" " ind1=" ">
      <subfield code="a">Vigilancia Epidemiológica</subfield>
   </datafield>
   <datafield ind2="0" ind1="0" tag="245">
      <subfield code="a">Informe semanal de Vigilancia de la Gripe en España Semana 02/2012 (9 – 15 de enero 2012) Nº 292. 19 de enero de 2012</subfield>
   </datafield>
</record></metadata></record></GetRecord></OAI-PMH>